[Event "7052-Championnat de la Loire OPEN"]
[Site "Loire"]
[Date "2006.03.04"]
[Round "6.1"]
[White "Maestracci, Olivier"]
[Black "Jedidi, Brahim"]
[Result "1-0"]
[WhiteElo "1699"]
[BlackElo "1810"]
[PlyCount "57"]
[EventDate "2006.??.??"]

1. e4 g6 2. d4 Bg7 3. Nf3 d5 4. e5 e6 5. Bd3 Nd7 6. O-O c5 7. c3 Ne7 8. Bg5 Qb6
9. Qc2 c4 10. Be2 Nf5 11. Kh1 a5 12. a4 Qc6 13. Na3 b6 14. Qd2 Ba6 15. Nc2 O-O
16. Ne3 Nxe3 17. Bxe3 Rfb8 18. Bh6 Bh8 19. h4 b5 20. h5 Nf8 21. Nh4 Qe8 22. Qg5
Ra7 23. f4 Qe7 24. Qg4 Bg7 25. Bxg7 Kxg7 26. f5 Kh8 27. f6 Qe8 28. Qg5 bxa4 29.
Qh6 1-0

[Event "7052-Championnat de la Loire OPEN"]
[Site "Loire"]
[Date "2006.03.04"]
[Round "6.2"]
[White "Doucet, Medhi"]
[Black "Doran, Niall"]
[Result "0-1"]
[WhiteElo "1620"]
[BlackElo "1760"]
[PlyCount "93"]
[EventDate "2006.??.??"]

1. c4 Nf6 2. Nc3 g6 3. e4 d6 4. d3 Bg7 5. Nf3 O-O 6. Be2 e5 7. O-O Nc6 8. Bg5
h6 9. Bd2 Ne8 10. Ne1 f5 11. f4 exf4 12. exf5 Bxf5 13. Bxf4 Nd4 14. Bg4 Bxg4
15. Qxg4 g5 16. Bg3 Rxf1+ 17. Kxf1 Qe7 18. Qe4 Qf7+ 19. Kg1 Nc6 20. Qd5 Qxd5
21. Nxd5 Bxb2 22. Rb1 Bd4+ 23. Bf2 b6 24. Nf3 Bg7 25. g4 Ne5 26. Nxe5 Bxe5 27.
h3 Kf7 28. Re1 c6 29. Ne3 Ng7 30. Nc2 Re8 31. Rf1 Bf4 32. Bg3 Ne6 33. h4 Kg7
34. Bxf4 Nxf4 35. hxg5 hxg5 36. Nb4 c5 37. Nc6 Nxd3 38. Nxa7 Ra8 39. Nb5 Rxa2
40. Nxd6 Nf4 41. Nf5+ Kf6 42. Ne3 Ke5 43. Nd5 Nxd5 44. Rf5+ Ke4 45. Rxd5 Kf4
46. Rd6 Kxg4 47. Rd5 0-1

[Event "7052-Championnat de la Loire OPEN"]
[Site "Loire"]
[Date "2006.03.04"]
[Round "6.3"]
[White "Borron, Herve"]
[Black "Moleins, Adrien"]
[Result "1-0"]
[WhiteElo "1790"]
[BlackElo "1700"]
[PlyCount "88"]
[EventDate "2006.??.??"]

1. c4 e5 2. Nc3 Nf6 3. g3 d5 4. cxd5 Nxd5 5. Bg2 Be6 6. Nf3 Nd7 7. d4 Bd6 8.
dxe5 Nxe5 9. Nxe5 Nxc3 10. Nxf7 Nxd1 11. Nxd8 Bb4+ 12. Kxd1 Rxd8+ 13. Kc2 O-O
14. Bf4 b6 15. Rad1 a5 16. a3 Bc5 17. e3 Be7 18. Rd2 Rxd2+ 19. Kxd2 g5 20. Bxc7
Rxf2+ 21. Kc3 Rxg2 22. Bxb6 Bf6+ 23. Bd4 Bxd4+ 24. exd4 Re2 25. b4 Ra2 26. bxa5
Rxa3+ 27. Kb4 Rb3+ 28. Kc5 Bd7 29. Ra1 Kf7 30. a6 Rb5+ 31. Kd6 Be6 32. a7 Rd5+
33. Kc6 Rd8 34. Rb1 Kg6 35. Rb8 Rxd4 36. a8=Q Bd5+ 37. Kc5 Bxa8 38. Kxd4 Bf3
39. Ke5 g4 40. Rb6+ Kg5 41. Rb8 h6 42. Rg8+ Kh5 43. Kf6 Be4 44. Rc8 Bc6 1-0

[Event "7052-Championnat de la Loire OPEN"]
[Site "Loire"]
[Date "2006.03.04"]
[Round "6.4"]
[White "Pareux, Marc"]
[Black "Minchilli, Franco"]
[Result "1-0"]
[WhiteElo "1570"]
[BlackElo "1690"]
[PlyCount "79"]
[EventDate "2006.??.??"]

1. d4 Nf6 2. f3 d5 3. e4 dxe4 4. Nc3 g6 5. fxe4 Bg7 6. Nf3 Bg4 7. Be2 O-O 8.
O-O c6 9. Be3 Nbd7 10. h3 Bxf3 11. Bxf3 Qc7 12. Ne2 Rad8 13. c3 Nc5 14. Qc2
Ncd7 15. c4 e5 16. d5 cxd5 17. exd5 Nxd5 18. Bxd5 Nf6 19. Qb3 Nxd5 20. cxd5 Rd7
21. Nc3 b6 22. Ne4 Kh8 23. Rac1 Qb7 24. Rfd1 f5 25. Ng5 f4 26. Bf2 Rf5 27. Ne6
Bh6 28. Rc6 Rff7 29. Qc4 Bf8 30. Rc8 Kg8 31. Nxf8 Rxf8 32. Rxf8+ Kxf8 33. Bh4
Rd6 34. Qb4 Qd7 35. Re1 Kg8 36. Rxe5 f3 37. Qe4 f2+ 38. Kf1 Qb5+ 39. Qe2 Qc5
40. Re8+ 1-0

[Event "7052-Championnat de la Loire OPEN"]
[Site "Loire"]
[Date "2006.03.04"]
[Round "6.5"]
[White "Gidon, Rene"]
[Black "Chabas, Jean-Luc"]
[Result "0-1"]
[WhiteElo "1650"]
[BlackElo "1590"]
[PlyCount "70"]
[EventDate "2006.??.??"]

1. e4 c6 2. d4 d5 3. Nc3 dxe4 4. Nxe4 Bf5 5. Ng3 Bg6 6. Nf3 h6 7. Bd3 Bxd3 8.
Qxd3 Nf6 9. O-O e6 10. Re1 Be7 11. c3 O-O 12. Be3 Nbd7 13. Rad1 Qc7 14. b4 Rad8
15. Qc2 Rfe8 16. Bd2 Bf8 17. Ne5 Nxe5 18. dxe5 Nd5 19. a3 Ne7 20. f4 Nc8 21. c4
c5 22. b5 b6 23. Nh5 Rd7 24. Re3 Red8 25. Rg3 Kh8 26. Rh3 Qb7 27. Ng3 Rd3 28.
f5 exf5 29. Nxf5 Qe4 30. Nd6 Qd4+ 31. Kh1 Rxh3 32. Nxf7+ Kg8 33. Nxd8 Rxa3 34.
Bc1 Rc3 35. Qe2 Qxc4 0-1

[Event "7052-Championnat de la Loire OPEN"]
[Site "Loire"]
[Date "2006.03.04"]
[Round "6.6"]
[White "Zennaf, Karim"]
[Black "Desassis, Maxence"]
[Result "0-1"]
[WhiteElo "1199"]
[BlackElo "1590"]
[PlyCount "56"]
[EventDate "2006.??.??"]

1. e4 d6 2. d4 Nf6 3. Nc3 g6 4. Be3 Bg7 5. f3 O-O 6. Qd2 Nbd7 7. Bd3 b6 8. Nge2
Bb7 9. g4 e5 10. O-O-O a6 11. Bh6 exd4 12. Nxd4 c5 13. Nde2 b5 14. Ng3 c4 15.
Rhg1 cxd3 16. Nf5 Ne8 17. Nxg7 Nxg7 18. Qxd3 Ne5 19. Qd4 Qh4 20. g5 Qf4+ 21.
Kb1 Ne6 22. Qxd6 Rfe8 23. Nd5 Bxd5 24. Rxd5 Nxf3 25. Rgd1 Qxd6 26. Rxd6 Nexg5
27. h4 Nxe4 28. h5 Nxd6 0-1

[Event "7052-Championnat de la Loire OPEN"]
[Site "Loire"]
[Date "2006.03.04"]
[Round "6.7"]
[White "Moleins, Jean-Pierre"]
[Black "Gregoire, Patrick"]
[Result "0-1"]
[WhiteElo "1650"]
[BlackElo "1550"]
[PlyCount "50"]
[EventDate "2006.??.??"]

1. e4 e6 2. d4 d5 3. e5 c5 4. c3 Qb6 5. Nf3 Nc6 6. a4 Bd7 7. a5 Nxa5 8. Be2 Nb3
9. Ra2 c4 10. O-O Be7 11. Bg5 h6 12. Bh4 g5 13. Bg3 h5 14. h4 gxh4 15. Nxh4
O-O-O 16. Bxh5 Bxh4 17. Bxh4 Rf8 18. Bg5 f6 19. exf6 Nxf6 20. Bf3 Qc7 21. g3
Ne4 22. Bxe4 dxe4 23. Rxa7 Kb8 24. Ra3 Rfg8 25. Bf4 Qxf4 0-1

[Event "7052-Championnat de la Loire OPEN"]
[Site "Loire"]
[Date "2006.03.04"]
[Round "6.8"]
[White "Thevenet, Olivier"]
[Black "Pendrigh, Robin"]
[Result "1-0"]
[WhiteElo "1550"]
[BlackElo "1600"]
[PlyCount "155"]
[EventDate "2006.??.??"]

1. d4 e6 2. c4 Nf6 3. Bg5 d5 4. Nc3 Nbd7 5. cxd5 exd5 6. a3 c6 7. e3 Be7 8. Nf3
O-O 9. Bd3 Re8 10. Qc2 Nf8 11. O-O Be6 12. Rac1 Qd7 13. Ne5 Qc7 14. b4 N6d7 15.
Bxe7 Rxe7 16. Nxd7 Bxd7 17. Ne2 g6 18. b5 Rc8 19. Qc5 Be8 20. Qxa7 Ne6 21. b6
Qd8 22. Qa5 Ra8 23. Qb4 Ng5 24. Ra1 Ne4 25. Bxe4 Rxe4 26. Ng3 Re6 27. a4 Ra6
28. a5 Qd6 29. Qc5 Qxc5 30. dxc5 f5 31. Ne2 Re4 32. Nd4 Bd7 33. Rfe1 Kf7 34. f3
Re8 35. Ra3 f4 36. Kf2 fxe3+ 37. Rexe3 Rxe3 38. Kxe3 Kf6 39. Kf4 h5 40. g4 g5+
41. Kg3 h4+ 42. Kf2 Ke5 43. Ke3 Kf6 44. Nc2 Ke7 45. Kd4 Ra8 46. Ne1 Rf8 47. Ng2
Bc8 48. Re3+ Kf6 49. Ne1 Bd7 50. Nd3 Ra8 51. Ne5 Bc8 52. Ra3 Ke7 53. Ke3 Ke6
54. Kd4 Kf6 55. h3 Ke6 56. Nd3 Kf6 57. f4 gxf4 58. Nxf4 Kg5 59. Ke5 Bxg4 60.
hxg4 Re8+ 61. Ne6+ Kxg4 62. Ra1 Kg3 63. Kf5 h3 64. Ra3+ Kh2 65. Nf4 Rf8+ 66.
Ke5 Rxf4 67. Kxf4 Kg2 68. Ra2+ Kf1 69. Kf3 Kg1 70. Ra1+ Kh2 71. Ra2+ Kg1 72.
Kg3 Kf1 73. Kxh3 d4 74. Rd2 Kg1 75. Rxd4 Kf2 76. Rd2+ Ke3 77. Rd7 Ke4 78. a6
1-0

[Event "7052-Championnat de la Loire OPEN"]
[Site "Loire"]
[Date "2006.03.04"]
[Round "6.9"]
[White "Granger, Thierry"]
[Black "Mialon, Franck"]
[Result "1-0"]
[WhiteElo "1490"]
[BlackElo "1370"]
[PlyCount "77"]
[EventDate "2006.??.??"]

1. d4 d5 2. c4 c6 3. Nf3 e6 4. e3 f5 5. Nc3 Nf6 6. Be2 Be7 7. a3 Ne4 8. Qc2 O-O
9. O-O Qc7 10. b4 Rf6 11. h3 Rg6 12. Nxe4 fxe4 13. Ne5 Rf6 14. cxd5 exd5 15.
Bb2 Nd7 16. Rfc1 Nxe5 17. dxe5 Rg6 18. Kh2 Bf6 19. b5 Bxh3 20. gxh3 Bxe5+ 21.
Kh1 Qd7 22. Bf1 Rh6 23. Bxe5 Rxh3+ 24. Bxh3 Qxh3+ 25. Bh2 Rf8 26. Rg1 Qf3+ 27.
Rg2 Rf6 28. Qc1 Rg6 29. Qg1 h5 30. Qf1 h4 31. Kg1 Rh6 32. bxc6 bxc6 33. Rb1 h3
34. Rg3 Qf5 35. Rb8+ Kh7 36. Rb7 Rg6 37. Rxg6 Qxg6+ 38. Bg3 Qh5 39. Kh2 1-0

[Event "7052-Championnat de la Loire OPEN"]
[Site "Loire"]
[Date "2006.03.04"]
[Round "6.10"]
[White "Goudet, Maxence"]
[Black "Volay, Pascal"]
[Result "1/2-1/2"]
[WhiteElo "1370"]
[BlackElo "1330"]
[PlyCount "139"]
[EventDate "2006.??.??"]

1. e4 e5 2. Nf3 Nc6 3. Bb5 a6 4. Bxc6 dxc6 5. c3 Bg4 6. d3 Qf6 7. Be3 Bxf3 8.
Qxf3 Qxf3 9. gxf3 Bd6 10. Nd2 Nf6 11. Rg1 O-O 12. d4 b5 13. Bh6 Ne8 14. Rg2 Kh8
15. Be3 f6 16. O-O-O a5 17. Rg4 a4 18. h4 g6 19. Rdg1 Ng7 20. Bh6 Rg8 21. Bxg7+
Rxg7 22. h5 g5 23. Nf1 exd4 24. cxd4 h6 25. Ne3 Bf4 26. Kc2 Bxe3 27. fxe3 Rf8
28. f4 Re8 29. Kd3 Rge7 30. fxg5 fxg5 31. Rf1 Kg7 32. e5 Rf7 33. Rxf7+ Kxf7 34.
Rg3 Re6 35. Rf3+ Ke8 36. Ke4 Re7 37. Rf6 Rg7 38. Rxh6 g4 39. Rg6 Rh7 40. Rxg4
Rxh5 41. Rg2 Kf7 42. Rc2 Rh4+ 43. Kd3 Rh6 44. Rf2+ Ke7 45. Ke4 Ke6 46. Rc2 Rh4+
47. Kd3 Kd7 48. Rc5 Rh2 49. Rc2 Rxc2 50. Kxc2 Ke6 51. b3 axb3+ 52. axb3 c5 53.
Kd3 Kd5 54. e4+ Ke6 55. Kc3 c6 56. dxc5 Kxe5 57. Kd3 b4 58. Ke3 Kf6 59. Kf4 Ke6
60. e5 Kf7 61. Kf5 Ke7 62. e6 Ke8 63. Ke5 Ke7 64. Kf5 Ke8 65. Ke5 Ke7 66. Kd4
Kxe6 67. Kc4 Ke5 68. Kxb4 Kd5 69. Ka5 Kxc5 70. b4+ 1/2-1/2

[Event "7052-Championnat de la Loire OPEN"]
[Site "Loire"]
[Date "2006.03.04"]
[Round "6.11"]
[White "Desassis, Gregoire"]
[Black "Brachet, Gerard"]
[Result "1-0"]
[WhiteElo "1670"]
[BlackElo "1370"]
[PlyCount "119"]
[EventDate "2006.??.??"]

1. d4 d5 2. Nf3 Bg4 3. Ne5 Nf6 4. Nxg4 Nxg4 5. e4 Nf6 6. exd5 Nxd5 7. Qf3 c6 8.
Bc4 e6 9. O-O b5 10. Bd3 Qb6 11. Nc3 Nxc3 12. bxc3 Be7 13. Be3 Qa5 14. Be4 Qa6
15. Qg3 Bf6 16. Bd3 Nd7 17. a4 Qb7 18. axb5 cxb5 19. Rfb1 Qb8 20. Qxb8+ Rxb8
21. Bxb5 Rd8 22. Bxd7+ Rxd7 23. Rb8+ Bd8 24. c4 O-O 25. d5 Bf6 26. Rxf8+ Kxf8
27. dxe6 fxe6 28. Bc5+ Kf7 29. Rb1 Rd2 30. h3 Rxc2 31. Rb7+ Kg6 32. Rxa7 Rxc4
33. Be7 Rc1+ 34. Kh2 Be5+ 35. g3 Bd4 36. Ra2 Kf5 37. g4+ Ke4 38. Kg2 Kd3 39.
Ra8 Ke2 40. Bh4 e5 41. Rb8 Rc2 42. Rb7 e4 43. Rb4 Kd3 44. Rb3+ Kc4 45. Rb1 e3
46. Rb7 exf2 47. Rc7+ Kd3 48. Rxc2 Kxc2 49. Bxf2 Bxf2 50. Kxf2 Kd1 51. Kf3 Ke1
52. h4 g6 53. Kf4 Kf2 54. Kg5 Kg3 55. h5 gxh5 56. gxh5 Kf3 57. h6 Kg3 58. Kf6
Kg4 59. Kg7 Kg5 60. Kxh7 1-0

[Event "7052-Championnat de la Loire OPEN"]
[Site "Loire"]
[Date "2006.03.04"]
[Round "6.12"]
[White "Furnon, Yannick"]
[Black "Lille, Gauthier"]
[Result "1-0"]
[WhiteElo "1499"]
[BlackElo "1370"]
[PlyCount "97"]
[EventDate "2006.??.??"]

1. e4 e5 2. Nf3 Nc6 3. Bb5 a6 4. Bxc6 dxc6 5. O-O Bd6 6. d4 exd4 7. Qxd4 f6 8.
Re1 Bg4 9. Nbd2 Bxf3 10. Nxf3 g5 11. Bxg5 fxg5 12. Qxh8 Kf8 13. Qxh7 Qe8 14.
Qf5+ Qf7 15. Qxf7+ Kxf7 16. Nxg5+ Kg6 17. Nf3 Re8 18. e5 Bb4 19. c3 Bc5 20. Nd4
Ne7 21. Ne6 Nd5 22. Nxc5 b6 23. Nxa6 Kf5 24. Nb4 Nf4 25. Re3 Rxe5 26. Rxe5+
Kxe5 27. Nxc6+ Kf6 28. Re1 Nd3 29. Re2 b5 30. Nd4 b4 31. cxb4 Nxb4 32. a3 Nd5
33. a4 Nf4 34. Rc2 Nd5 35. Nb5 Nb4 36. Rxc7 Nd5 37. a5 Nxc7 38. Nxc7 Ke7 39. a6
Kd7 40. a7 Kxc7 41. a8=Q Kd6 42. Qa5 Kc6 43. Qe5 Kb7 44. h4 Ka8 45. Qe7 Kb8 46.
h5 Ka8 47. h6 Kb8 48. h7 Kc8 49. h8=Q# 1-0

[Event "7052-Championnat de la Loire OPEN"]
[Site "Loire"]
[Date "2006.03.04"]
[Round "6.13"]
[White "Gregoire, Michele"]
[Black "Paratcha, Yohan"]
[Result "1-0"]
[WhiteElo "1410"]
[BlackElo "1310"]
[PlyCount "99"]
[EventDate "2006.??.??"]

1. d4 d5 2. c4 c6 3. Nc3 Nf6 4. Bg5 e6 5. Bxf6 Qxf6 6. e4 Bb4 7. e5 Qf5 8. Bd3
Qf4 9. Nf3 O-O 10. O-O b6 11. Ne2 Qh6 12. Ng3 c5 13. a3 Ba5 14. cxd5 exd5 15.
Bf5 Bxf5 16. Nxf5 Qf4 17. Ne7+ Kh8 18. Nxd5 Qh6 19. Nc7 Nc6 20. Nxa8 Rxa8 21.
Rc1 cxd4 22. Nxd4 Nxd4 23. Qxd4 Qe6 24. b4 Bxb4 25. axb4 h6 26. b5 a6 27. Rc6
Qe8 28. Rxb6 axb5 29. Qe3 g5 30. e6 Kg7 31. Qe5+ f6 32. Qf5 Ra7 33. Rxb5 Rc7
34. h3 h5 35. Rb3 Re7 36. Re3 Qg6 37. Qxg6+ Kxg6 38. Rd1 f5 39. Rd7 f4 40. Re1
Kf6 41. Rxe7 Kxe7 42. f3 h4 43. Re5 Kf6 44. Re1 Ke7 45. Re4 Kf8 46. e7+ Ke8 47.
Kf2 g4 48. fxg4 f3 49. Kxf3 Kf7 50. e8=Q+ 1-0

[Event "7052-Championnat de la Loire OPEN"]
[Site "Loire"]
[Date "2006.03.04"]
[Round "6.14"]
[White "Daillere, Roland"]
[Black "Rogues, Jean-Luc"]
[Result "1-0"]
[WhiteElo "1499"]
[BlackElo "1470"]
[PlyCount "89"]
[EventDate "2006.??.??"]

1. e4 e5 2. Nf3 Nc6 3. d4 exd4 4. Nxd4 Nxd4 5. Qxd4 d6 6. Bc4 c5 7. Qd5 Qd7 8.
O-O Nf6 9. Qd3 a6 10. Bd5 Nxd5 11. Qxd5 Qe6 12. Nc3 Be7 13. Re1 O-O 14. Bd2 Re8
15. e5 Qxd5 16. Nxd5 Be6 17. Nc7 d5 18. Nxa8 Rxa8 19. a3 b5 20. Rab1 Bf5 21.
Rbc1 a5 22. c3 c4 23. Rcd1 Bd3 24. e6 f6 25. Re3 Re8 26. Rf3 Be4 27. Rg3 Bd6
28. Re3 Rxe6 29. f3 Bc5 30. fxe4 Rxe4 31. Rde1 Bxe3+ 32. Bxe3 a4 33. Kf2 f5 34.
Rd1 f4 35. Kf3 Rxe3+ 36. Kxf4 Rd3 37. Rxd3 cxd3 38. Ke3 d2 39. Kxd2 Kf7 40. Kd3
Ke6 41. Kd4 Kd6 42. g4 g6 43. h4 h6 44. h5 gxh5 45. gxh5 1-0

[Event "7052-Championnat de la Loire OPEN"]
[Site "Loire"]
[Date "2006.03.04"]
[Round "6.15"]
[White "Trottet, Francois"]
[Black "Masson, Guillaume"]
[Result "1-0"]
[WhiteElo "1390"]
[BlackElo "1190"]
[PlyCount "89"]
[EventDate "2006.??.??"]

1. e4 e5 2. Nf3 Nc6 3. Bb5 a6 4. Ba4 b5 5. Bb3 Nf6 6. O-O Bc5 7. c3 Nxe4 8. d4
Be7 9. Re1 d5 10. dxe5 Bf5 11. Bxd5 O-O 12. Bxc6 Qxd1 13. Rxd1 Rad8 14. Rxd8
Rxd8 15. Nbd2 h6 16. Nd4 Bg6 17. Bxe4 Bxe4 18. Nxe4 c5 19. Nd6 Bxd6 20. Nc6 Rd7
21. exd6 Rxd6 22. Be3 Rxc6 23. Rd1 c4 24. a3 a5 25. Rd5 Rb6 26. Bxb6 g6 27.
Rd8+ Kh7 28. Bd4 g5 29. Rh8+ Kg6 30. g4 f6 31. Rf8 a4 32. Rxf6+ Kg7 33. Rb6+
Kf7 34. Rxb5 Kg6 35. Rf5 h5 36. Rf6+ Kh7 37. gxh5 Kg7 38. h6+ Kh7 39. Be3 g4
40. Kg2 g3 41. Kxg3 Kg8 42. Kg4 Kh7 43. Kf5 Kg8 44. Kg6 Kh8 45. Rf8# 1-0

[Event "7052-Championnat de la Loire OPEN"]
[Site "Loire"]
[Date "2006.03.04"]
[Round "6.16"]
[White "Choquelle, Jean"]
[Black "Veyrat, Gerard"]
[Result "1-0"]
[WhiteElo "1130"]
[BlackElo "1240"]
[PlyCount "82"]
[EventDate "2006.??.??"]

1. Nc3 e5 2. e4 c6 3. g3 Bc5 4. Bg2 Qf6 5. f3 d6 6. d3 Be6 7. Bd2 Ne7 8. Qe2
O-O 9. O-O-O d5 10. Na4 b6 11. Nxc5 bxc5 12. b3 d4 13. f4 a5 14. Nf3 Nd7 15.
Kb2 Rfb8 16. Rb1 a4 17. Ka1 axb3 18. cxb3 Bxb3 19. Rxb3 Rxb3 20. Qd1 Qe6 21.
Ng5 Qd6 22. Qxb3 Rb8 23. Qxf7+ Kh8 24. h4 Rf8 25. Qb3 h6 26. Nf7+ Rxf7 27. Qxf7
Qf6 28. Qe8+ Kh7 29. Qxd7 Ng6 30. h5 Nf8 31. Qg4 Ne6 32. f5 Nf8 33. Qe2 Nd7 34.
Bf3 Nb6 35. Qg2 c4 36. g4 c3 37. Bc1 c5 38. g5 Qf7 39. g6+ Qxg6 40. fxg6+ Kg8
41. Qg4 c4 1-0

[Event "7052-Championnat de la Loire OPEN"]
[Site "Loire"]
[Date "2006.03.04"]
[Round "6.17"]
[White "Carrot, Axel"]
[Black "Geraci, Georges"]
[Result "1-0"]
[WhiteElo "1450"]
[BlackElo "1220"]
[PlyCount "79"]
[EventDate "2006.??.??"]

1. e4 e5 2. Nf3 f6 3. Bc4 Ne7 4. O-O d6 5. d4 c5 6. dxc5 dxc5 7. Qxd8+ Kxd8 8.
Be3 b6 9. Nc3 Nd7 10. Rfd1 a6 11. Rd2 Bb7 12. Be6 Bc6 13. Rad1 Ra7 14. a4 Nc8
15. b3 Nd6 16. Rxd6 Bxd6 17. Rxd6 Rc7 18. Bxd7 Rxd7 19. Rxc6 Ke7 20. Rxb6 a5
21. Bxc5+ Kf7 22. h3 Rc8 23. Rb5 g5 24. Nd5 Kg6 25. Kh2 Kh5 26. Nb6 Rb7 27.
Nxc8 Rxb5 28. axb5 h6 29. Ne7 a4 30. Nf5 a3 31. g4+ Kg6 32. Bxa3 Kh7 33. b6 h5
34. gxh5 g4 35. hxg4 Kg8 36. b7 Kh7 37. c4 Kg8 38. b8=Q+ Kh7 39. Qc7+ Kh8 40.
Qg7# 1-0

[Event "7052-Championnat de la Loire OPEN"]
[Site "Loire"]
[Date "2006.04.15"]
[Round "7.1"]
[White "Chabas, Jean-Luc"]
[Black "Maestracci, Olivier"]
[Result "1/2-1/2"]
[WhiteElo "1590"]
[BlackElo "1699"]
[PlyCount "57"]
[EventDate "2006.??.??"]

1. e4 e6 2. d4 d5 3. e5 c5 4. c3 Nc6 5. Be3 Qb6 6. Qd2 Bd7 7. Nf3 Be7 8. Be2 h5
9. O-O Nh6 10. Na3 Nf5 11. dxc5 Bxc5 12. Bxc5 Qxc5 13. Nb5 Qb6 14. Nbd4 Nfxd4
15. cxd4 Qd8 16. Rfc1 h4 17. h3 Rg8 18. b4 a6 19. a4 g5 20. b5 Na5 21. Qb4 Nc4
22. Bxc4 dxc4 23. Rxc4 axb5 24. Rc2 Rxa4 25. Rxa4 bxa4 26. Qxb7 g4 27. hxg4
Rxg4 28. Qb4 Qe7 29. Qb8+ 1/2-1/2

[Event "7052-Championnat de la Loire OPEN"]
[Site "Loire"]
[Date "2006.04.15"]
[Round "7.2"]
[White "Doran, Niall"]
[Black "Borron, Herve"]
[Result "1-0"]
[WhiteElo "1760"]
[BlackElo "1790"]
[PlyCount "61"]
[EventDate "2006.??.??"]

1. e4 e6 2. d4 d5 3. Nc3 Bb4 4. e5 c5 5. a3 Bxc3+ 6. bxc3 Qc7 7. a4 cxd4 8.
cxd4 Ne7 9. Nf3 Bd7 10. Bd3 Nbc6 11. Ba3 Nxd4 12. O-O Nxf3+ 13. Qxf3 Qxe5 14.
Rfe1 Qg5 15. Bd6 Bc6 16. Re5 Qf6 17. Qg3 Ng6 18. Bxg6 hxg6 19. Rae1 Kd7 20. h3
Qh4 21. Qa3 Qxa4 22. Qf3 Kxd6 23. Qxf7 Rhe8 24. Qxg7 Qf4 25. Qxg6 Bd7 26. Qd3
Rf8 27. Qa3+ Kc7 28. Qc5+ Bc6 29. Qe7+ Kb6 30. Rb1+ Ka6 31. Qc5 1-0

[Event "7052-Championnat de la Loire OPEN"]
[Site "Loire"]
[Date "2006.04.15"]
[Round "7.3"]
[White "Desassis, Maxence"]
[Black "Pareux, Marc"]
[Result "1/2-1/2"]
[WhiteElo "1590"]
[BlackElo "1570"]
[PlyCount "115"]
[EventDate "2006.??.??"]

1. d4 g6 2. Nf3 Bg7 3. Bg5 d6 4. e3 Nf6 5. Bd3 Nbd7 6. Nbd2 d5 7. O-O O-O 8. c3
h6 9. Bh4 c6 10. Qc2 Re8 11. Ne5 Nxe5 12. dxe5 Nh7 13. Nf3 Nf8 14. Rad1 Bg4 15.
Be4 Qc7 16. Bg3 e6 17. Bd3 Bxf3 18. gxf3 Bxe5 19. f4 Bd6 20. Kg2 f5 21. Qe2 Nh7
22. Bh4 Be7 23. Bxe7 Qxe7 24. Qf3 Qh4 25. Qg3 Qxg3+ 26. fxg3 Nf6 27. h3 h5 28.
Kf3 a6 29. b3 b5 30. Rc1 e5 31. Kf2 Rad8 32. a4 exf4 33. gxf4 Ne4+ 34. Bxe4
Rxe4 35. axb5 cxb5 36. Rfd1 Kf7 37. c4 bxc4 38. bxc4 Ke7 39. cxd5 Rd6 40. Rc6
a5 41. Rc5 a4 42. Ra5 Rb6 43. Rd4 Rxd4 44. exd4 Kd6 45. Rxa4 Kxd5 46. Kg3 Re6
47. Kh4 Re1 48. Kg5 Rg1+ 49. Kh6 Ke4 50. Ra6 Kxd4 51. Rxg6 Rxg6+ 52. Kxg6 Ke4
53. h4 Kxf4 54. Kxh5 Kg3 55. Kg5 f4 56. h5 f3 57. h6 f2 58. h7 1/2-1/2

[Event "7052-Championnat de la Loire OPEN"]
[Site "Loire"]
[Date "2006.04.15"]
[Round "7.4"]
[White "Gregoire, Patrick"]
[Black "Doucet, Medhi"]
[Result "0-1"]
[WhiteElo "1550"]
[BlackElo "1620"]
[PlyCount "78"]
[EventDate "2006.??.??"]

1. e4 e5 2. Nf3 Nc6 3. Bc4 Be7 4. d4 exd4 5. Nxd4 d6 6. Nxc6 bxc6 7. Nc3 Nf6 8.
f3 O-O 9. O-O Be6 10. Bxe6 fxe6 11. Ne2 e5 12. Bg5 Nd7 13. Bxe7 Qxe7 14. Ng3
Nf6 15. c4 Qd7 16. Nf5 d5 17. cxd5 cxd5 18. Qb3 Kh8 19. exd5 Qxf5 20. Rad1 Rfd8
21. Qc4 Qd7 22. Qh4 Nxd5 23. Rf2 Qe7 24. Qe4 Nf6 25. Rxd8+ Rxd8 26. Qe2 Qd6 27.
h3 Qd1+ 28. Kh2 Qd6 29. g3 h6 30. h4 Qd7 31. Qxe5 Qd4 32. Qe1 Re8 33. Re2 Qxb2
34. Rxb2 Rxe1 35. a4 c5 36. a5 c4 37. a6 Rd1 38. Rb7 c3 39. Rxa7 c2 0-1

[Event "7052-Championnat de la Loire OPEN"]
[Site "Loire"]
[Date "2006.04.15"]
[Round "7.5"]
[White "Jedidi, Brahim"]
[Black "Minchilli, Franco"]
[Result "0-1"]
[WhiteElo "1810"]
[BlackElo "1690"]
[PlyCount "90"]
[EventDate "2006.??.??"]

1. d4 Nf6 2. Bg5 g6 3. Bxf6 exf6 4. e3 Bg7 5. c4 d5 6. Qb3 c6 7. Nc3 dxc4 8.
Bxc4 O-O 9. Nf3 b5 10. Bd3 Be6 11. Qc2 Qa5 12. O-O Na6 13. Be4 Nb4 14. Qd2 Rad8
15. a3 Nd5 16. b4 Qb6 17. Ne2 Rfe8 18. Rfc1 Bg4 19. Qc2 Rd6 20. h3 Bd7 21. Ng3
f5 22. Bd3 Nf6 23. Qb3 Be6 24. Qc2 Bd5 25. Ne5 Qb7 26. Bf1 Ne4 27. Nxe4 Bxe4
28. Nd3 Qe7 29. Qc3 Qf6 30. Qc5 a6 31. Qb6 Bxd3 32. Bxd3 f4 33. Re1 fxe3 34.
fxe3 Rde6 35. Rf1 Qe7 36. e4 Qd6 37. e5 Bxe5 38. dxe5 Qxd3 39. Qc7 R8e7 40.
Rad1 Qe3+ 41. Kh1 Qxe5 42. Rd8+ Kg7 43. Qc8 Qg3 44. Rg8+ Kh6 45. Qf8+ Kg5 0-1

[Event "7052-Championnat de la Loire OPEN"]
[Site "Loire"]
[Date "2006.04.15"]
[Round "7.6"]
[White "Gregoire, Michele"]
[Black "Thevenet, Olivier"]
[Result "1-0"]
[WhiteElo "1410"]
[BlackElo "1550"]
[PlyCount "83"]
[EventDate "2006.??.??"]

1. d4 Nf6 2. Nf3 c5 3. e3 cxd4 4. Nxd4 e5 5. Nb5 Nc6 6. Nd6+ Bxd6 7. Qxd6 Qe7
8. Qxe7+ Nxe7 9. f3 O-O 10. e4 d5 11. Bd3 d4 12. Bd2 Nc6 13. O-O a6 14. Rd1 Be6
15. c3 Rfd8 16. cxd4 exd4 17. Na3 Rac8 18. Rac1 Bxa2 19. Nc4 b5 20. Nb6 Bb3 21.
Bc2 Bxc2 22. Rxc2 Rc7 23. Rdc1 Rd6 24. Bf4 d3 25. Rd2 Nd4 26. Rxc7 Ne2+ 27. Kf2
Rd8 28. Bg5 h6 29. Bxf6 gxf6 30. Nd5 Kg7 31. Rxd3 Nf4 32. Rd4 Ne6 33. Ke3 Nxc7
34. Nxc7 Rc8 35. Nxa6 Rc2 36. Rd2 Rc6 37. Nb4 Rc4 38. Nd5 b4 39. b3 Rc5 40.
Nxb4 Rc3+ 41. Rd3 Rc2 42. Nxc2 1-0

[Event "7052-Championnat de la Loire OPEN"]
[Site "Loire"]
[Date "2006.04.15"]
[Round "7.7"]
[White "Volay, Pascal"]
[Black "Granger, Thierry"]
[Result "0-1"]
[WhiteElo "1330"]
[BlackElo "1490"]
[PlyCount "72"]
[EventDate "2006.??.??"]

1. c4 e5 2. Nc3 Nf6 3. e4 c6 4. d3 d5 5. cxd5 cxd5 6. exd5 Nxd5 7. Nf3 Nc6 8.
Be2 Be7 9. Qb3 Nxc3 10. bxc3 O-O 11. O-O Re8 12. Re1 Qc7 13. Rb1 b6 14. Ba3 Na5
15. Qb2 Bf6 16. Rbc1 Bb7 17. Qc2 Rac8 18. Bb2 Nc6 19. Ba3 Qd7 20. c4 Rcd8 21.
Rcd1 Na5 22. Bb2 Bc6 23. Rd2 Bb7 24. Bc3 Nc6 25. Bd1 Qc7 26. Qb2 h6 27. Ba4 Ba8
28. Nxe5 Bxe5 29. Bxc6 Qxc6 30. f3 Bxc3 31. Rxe8+ Qxe8 32. Qc1 Qe3+ 33. Kh1
Qxd2 34. Qf1 Re8 35. Qf2 Re1+ 36. Qxe1 Qxe1# 0-1

[Event "7052-Championnat de la Loire OPEN"]
[Site "Loire"]
[Date "2006.04.15"]
[Round "7.8"]
[White "Desassis, Gregoire"]
[Black "Zennaf, Karim"]
[Result "1/2-1/2"]
[WhiteElo "1670"]
[BlackElo "1199"]
[PlyCount "56"]
[EventDate "2006.??.??"]

1. d4 Nf6 2. Nf3 g6 3. Bg5 Bg7 4. Nbd2 d5 5. e3 O-O 6. c4 c6 7. Bd3 Nbd7 8. O-O
Re8 9. e4 dxe4 10. Nxe4 Nxe4 11. Bxe4 Qa5 12. Qe1 Qxe1 13. Rfxe1 e6 14. Rac1 c5
15. d5 f5 16. dxe6 fxe4 17. exd7 Bxd7 18. Nd2 Bc6 19. Rc2 h6 20. Be3 b6 21. b3
g5 22. Nf1 Bd4 23. Ng3 Re6 24. Nf5 Bxe3 25. Rxe3 Kf7 26. Rce2 Rae8 27. Rh3 Rh8
28. Ree3 Ree8 1/2-1/2

[Event "7052-Championnat de la Loire OPEN"]
[Site "Loire"]
[Date "2006.04.15"]
[Round "7.9"]
[White "Furnon, Yannick"]
[Black "Gidon, Rene"]
[Result "1-0"]
[WhiteElo "1499"]
[BlackElo "1650"]
[PlyCount "47"]
[EventDate "2006.??.??"]

1. d4 Nf6 2. Nf3 e6 3. Bg5 Be7 4. c3 O-O 5. e3 Nc6 6. Be2 d5 7. O-O Ne4 8. Bxe7
Nxe7 9. Nbd2 f5 10. Nxe4 dxe4 11. Ne5 c6 12. Qb3 Rb8 13. Bc4 Rf6 14. f3 exf3
15. Rxf3 Qf8 16. Raf1 Kh8 17. Bd3 Ra8 18. e4 f4 19. Qc2 Ng6 20. Nxg6+ hxg6 21.
e5 Rf7 22. Bxg6 Rc7 23. Rxf4 Qd8 24. Rf8+ 1-0